Príde Wollman s Tammertom i Noolom do Trnavy? s Liborom Charfreitagom, slovenským atlétom roka 2003

Bibliographic Details
Main Authors: Račko, Peter (ain), Charfreitag, Libor, 1977- (Author, uin)
Format: Article
Language:Slovak
Subjects:

MARC

LEADER 00000nab a2200000 a 4500
001 vtls000857959
003 SK-MaSNL
005 20260303190446.0
008 180205c2003 xo 0 slo
015 |a SNBRB2004/01-00489 
035 |a CLN000209609 
040 |a SNKBUCL  |b slo  |c SNKBUCL  |e AACR2 
041 0 |a slo 
044 |a xo  |c SK 
080 |a 796.42.071  |2 UDC-MRF-SK2 
100 1 |a Račko, Peter  |4 ain  |9 319492 
245 1 0 |a Príde Wollman s Tammertom i Noolom do Trnavy?  |b s Liborom Charfreitagom, slovenským atlétom roka 2003  |c [zhováral sa] Peter Račko 
300 |b Fotogr. 
600 1 7 |a Charfreitag, Libor,  |d 1977-  |2 snkbucl  |9 107179 
655 7 |a články z novín a časopisov  |2 snkbucl  |9 267496 
700 1 |a Charfreitag, Libor,  |d 1977-  |4 aut  |4 uin  |9 107179 
773 0 |x 0139-7001  |t Šport  |g Roč. 57, č. 286 (13.12.2003), s. 3 
850 |a Slovenská národná knižnica v Martine 
852 |a SNK  |b KIS3GCP 
958 |a RBX 
999 |c 2136366  |d 2138296